500 Largest U.S. Cities - Statistics

General Stats
  • This quiz has been taken 1,381 times
  • The average score is 238 of 500
Answer Stats
# City Pop. % Correct
2 Los Angeles 3,999,759
96%
1 New York City 8,622,698
95%
3 Chicago 2,716,450
93%
9 Dallas 1,341,075
93%
4 Houston 2,312,717
93%
13 San Francisco 884,363
93%
8 San Diego 1,419,516
92%
5 Phoenix 1,626,078
91%
7 San Antonio 1,511,946
91%
11 Austin 950,715
90%
21 Boston 685,094
90%
156 Jackson 166,965
90%
28 Las Vegas 641,676
90%
43 Miami 463,347
90%
6 Philadelphia 1,580,863
90%
18 Seattle 724,745
90%
19 Denver 704,621
89%
38 Atlanta 486,290
88%
12 Jacksonville (FL) 892,062
88%
490 Jacksonville (NC) 72,447
88%
26 Portland 647,805
88%
10 San Jose 1,035,317
88%
23 Detroit 673,104
87%
16 Indianapolis 863,002
87%
171 Kansas City (KS) 152,938
86%
37 Kansas City (MO) 488,943
86%
46 Minneapolis 422,331
86%
72 Orlando 280,257
86%
35 Sacramento 501,901
86%
20 Washington D.C. 693,972
86%
30 Baltimore 611,648
85%
49 New Orleans 393,292
85%
27 Oklahoma City 643,648
85%
116 Salt Lake City 200,544
85%
62 St. Louis 308,626
85%
52 Tampa 385,430
85%
17 Charlotte 859,035
84%
124 Columbus (GA) 194,058
84%
14 Columbus (OH) 879,170
84%
22 El Paso 683,577
84%
15 Fort Worth 874,168
84%
25 Memphis 652,236
84%
31 Milwaukee 595,351
84%
24 Nashville 667,560
84%
65 Pittsburgh 302,407
84%
32 Albuquerque 558,545
83%
51 Cleveland 385,525
83%
247 Springfield (IL) 114,868
83%
165 Springfield (MA) 154,758
83%
155 Springfield (MO) 167,376
83%
66 Cincinnati 301,301
82%
107 Birmingham 210,710
81%
81 Buffalo 258,612
81%
29 Louisville 621,349
81%
41 Raleigh 464,758
81%
273 Richmond (CA) 110,040
81%
97 Richmond (VA) 227,032
81%
33 Tucson 535,677
81%
89 Winston-Salem 244,605
81%
99 Baton Rouge 225,374
80%
483 Albany (GA) 73,179
79%
311 Albany (NY) 98,251
79%
98 Boise 226,570
79%
201 Charleston 134,875
79%
34 Fresno 527,438
79%
71 Lincoln 284,736
79%
42 Colorado Springs 464,474
78%
63 Saint Paul 306,621
78%
151 Salem 169,798
78%
47 Tulsa 401,800
78%
56 Honolulu 350,395
77%
120 Little Rock 198,606
77%
86 Reno 248,853
77%
128 Tallahassee 191,049
77%
100 Des Moines 217,521
76%
82 Madison 255,214
76%
70 Newark 285,154
76%
40 Omaha 466,893
76%
137 Providence 180,393
76%
222 Hartford 123,400
75%
45 Oakland 425,195
75%
44 Virginia Beach 450,435
75%
50 Wichita 390,591
75%
48 Arlington 396,394
74%
39 Long Beach 469,450
74%
118 Montgomery 199,518
74%
244 Rochester (MN) 115,733
74%
110 Rochester (NY) 208,046
74%
55 Anaheim 352,497
73%
189 Dayton 140,371
73%
57 Santa Ana 334,136
73%
405 Santa Fe 83,776
73%
180 Savannah 146,444
73%
74 Toledo 276,491
73%
67 Anchorage 294,356
72%
229 Columbia (MO) 121,717
72%
204 Columbia (SC) 133,114
72%
36 Mesa 496,401
72%
122 Augusta 197,166
71%
53 Bakersfield 380,874
71%
75 Jersey City 270,753
71%
60 Lexington 321,959
71%
101 Spokane 217,108
71%
59 Corpus Christi 325,605
70%
79 St. Petersburg 263,255
70%
121 Akron 197,846
69%
131 Knoxville 187,347
69%
54 Aurora (CO) 366,623
68%
115 Aurora (IL) 200,965
68%
225 Fargo 122,359
68%
119 Grand Rapids 198,829
68%
129 Mobile 190,265
68%
58 Riverside 327,728
68%
219 Topeka 126,587
68%
295 Wichita Falls 104,747
68%
140 Chattanooga 179,139
67%
77 Durham 267,743
67%
138 Fort Lauderdale 180,072
67%
78 Fort Wayne 265,904
67%
290 Green Bay 105,116
67%
68 Greensboro 290,222
67%
210 New Haven 131,014
67%
102 San Bernardino 216,995
67%
184 Syracuse 143,396
67%
394 Trenton 84,964
67%
500 Wilmington (DE) 71,106
67%
234 Wilmington (NC) 119,045
67%
275 Billings 109,642
66%
239 Lansing 116,986
66%
263 Manchester 111,196
66%
143 Sioux Falls 176,888
66%
152 Eugene 168,916
65%
88 Norfolk 244,703
65%
350 Santa Barbara 92,101
65%
61 Stockton 310,496
65%
104 Tacoma 213,418
65%
117 Amarillo 199,826
64%
230 Ann Arbor 121,477
63%
87 Glendale (AZ) 246,709
63%
112 Glendale (CA) 203,054
63%
90 North Las Vegas 242,975
63%
113 Yonkers 202,019
63%
304 Allen 100,685
62%
179 Bridgeport 146,579
62%
345 Carson 92,735
62%
213 Concord (CA) 129,783
62%
351 Concord (NC) 92,067
62%
64 Henderson 302,539
62%
73 Irvine 277,453
62%
83 Lubbock 253,888
62%
126 Shreveport 192,036
62%
193 Waco 136,436
62%
280 Boulder 107,125
61%
491 Lafayette (IN) 72,390
61%
218 Lafayette (LA) 126,848
61%
220 Athens 125,691
60%
487 Bismarck 72,865
60%
390 Fayetteville (AR) 85,257
60%
109 Fayetteville (NC) 209,889
60%
123 Huntsville 194,585
60%
80 Laredo 260,654
60%
168 Pasadena 153,520
60%
186 Pasadena 142,647
60%
237 Provo 117,335
60%
146 Vancouver 175,673
60%
132 Worcester 185,677
60%
231 Allentown 121,283
59%
387 Duluth 86,066
59%
85 Scottsdale 249,950
59%
161 Alexandria 160,035
58%
114 Huntington Beach 201,874
58%
106 Santa Clarita 210,888
58%
447 Scranton 77,605
58%
410 Sioux City 82,514
58%
135 Brownsville 183,299
57%
76 Chula Vista 270,471
57%
321 Flint 96,448
57%
158 Fort Collins 165,080
57%
93 Irving 240,373
57%
69 Plano 286,143
57%
209 Cedar Rapids 132,228
56%
317 Erie 97,369
56%
185 McAllen 142,696
56%
153 Peoria (AZ) 168,181
56%
256 Peoria (IL) 112,883
56%
92 Chesapeake 240,397
55%
459 Gary 76,008
55%
349 Greenville 92,156
55%
172 Macon 152,663
55%
187 Orange 140,560
55%
347 Santa Monica 92,306
55%
160 Lancaster 160,316
54%
103 Modesto 214,221
54%
108 Oxnard 210,037
54%
84 Chandler 253,458
53%
167 Hollywood 153,627
53%
139 Newport News 179,388
53%
133 Tempe 185,038
53%
94 Hialeah 239,673
52%
177 Rockford 147,051
52%
216 Santa Clara 127,134
52%
147 Santa Rosa 175,269
52%
134 Cape Coral 183,365
51%
96 Fremont 234,962
51%
208 Gainesville 132,249
51%
252 Cambridge 113,630
50%
235 Evansville 118,930
50%
95 Garland 238,002
50%
91 Gilbert 242,354
50%
300 Las Cruces 101,712
50%
299 South Bend 102,245
50%
333 Bend 94,520
49%
226 Berkeley 122,324
49%
212 Elizabeth 130,215
49%
380 Ogden 87,031
49%
282 Santa Maria 107,014
49%
305 Tuscaloosa 100,287
49%
443 Bloomington (IL) 77,934
48%
393 Bloomington (IN) 85,071
48%
388 Bloomington (MN) 85,866
48%
175 Joliet 148,462
48%
176 Naperville 147,682
48%
127 Overland Park 191,278
48%
211 Stamford 130,824
48%
353 Asheville 91,902
47%
494 Flagstaff 71,975
47%
145 Ontario 175,841
47%
264 Pueblo 111,127
47%
327 Yuma 95,502
47%
182 Bellevue 144,444
46%
169 Clarksville 153,205
46%
298 Davenport 102,320
46%
197 Midland 136,089
46%
481 Missoula 73,340
46%
240 Odessa 116,861
46%
271 West Palm Beach 110,222
46%
228 Abilene 121,885
45%
142 Frisco 177,286
45%
464 Iowa City 75,798
45%
223 Norman 122,843
45%
144 Oceanside 176,193
45%
174 Paterson 148,678
45%
130 Port St. Lucie 189,344
45%
214 Thousand Oaks 128,995
45%
195 Denton 136,268
44%
430 Fort Myers 79,943
44%
355 Redding 91,794
44%
310 Roanoke 99,837
44%
293 Burbank 104,834
43%
157 Cary 165,904
43%
272 Everett 110,079
43%
164 Lakewood 154,958
43%
421 Lakewood 80,967
43%
136 McKinney 181,330
43%
141 Rancho Cucamonga 177,452
43%
398 St. George 84,405
43%
277 Broken Arrow 108,303
42%
149 Elk Grove 171,844
42%
181 Killeen 145,482
42%
346 Miami Beach 92,307
42%
194 Murfreesboro 136,372
42%
476 Rapid City 74,421
42%
178 Torrance 146,758
42%
200 Warren 135,022
42%
245 Clearwater 115,513
41%
253 College Station 113,564
41%
154 Corona 167,836
41%
374 Fort Smith 88,037
41%
215 Kent 128,458
41%
278 Lakeland 108,054
41%
111 Moreno Valley 207,226
41%
372 Reading 88,423
41%
324 Sandy 96,145
41%
291 Tyler 104,991
41%
233 Beaumont 119,114
40%
105 Fontana 211,815
40%
463 Kalamazoo 75,807
40%
309 Kenosha 99,877
40%
343 Nampa 93,590
40%
163 Palmdale 157,519
40%
196 West Valley City 136,170
40%
148 Garden Grove 174,226
39%
202 Hampton 134,669
39%
183 Mesquite 143,949
39%
191 Olathe 137,472
39%
331 Roswell 94,786
39%
162 Salinas 157,596
39%
294 San Mateo 104,748
39%
203 Surprise 134,085
39%
423 Auburn 80,776
38%
125 Grand Prairie 193,837
38%
496 Gulfport 71,822
38%
238 Independence 117,306
38%
319 Lawrence (KS) 96,892
38%
428 Lawrence (MA) 80,162
38%
262 Lowell 111,346
38%
150 Pembroke Pines 170,712
38%
207 Sterling Heights 132,631
38%
267 Ventura 110,790
38%
498 Frederick 71,408
37%
170 Pomona 152,939
37%
199 Roseville 135,329
37%
206 Visalia 133,010
37%
249 West Jordan 113,905
37%
315 Compton 97,612
36%
334 Dearborn 94,491
36%
173 Escondido 151,969
36%
159 Hayward 160,500
36%
449 Lake Charles 77,117
36%
432 Napa 79,774
36%
332 Portsmouth 94,572
36%
217 Simi Valley 126,878
36%
404 Troy 83,813
36%
472 Appleton 74,653
35%
473 Camden 74,532
35%
344 Chico 93,293
35%
268 Inglewood 110,598
35%
411 Melbourne 82,011
35%
251 Miami Gardens 113,750
35%
266 North Charleston 110,861
35%
323 Rio Rancho 96,159
35%
221 Round Rock 123,678
35%
313 Spokane Valley 97,847
35%
259 Antioch 111,674
34%
312 Boca Raton 98,150
34%
246 Carlsbad 115,330
34%
198 Carrollton 135,710
34%
188 Fullerton 140,392
34%
373 Nashua 88,341
34%
337 Quincy 94,166
34%
448 Racine 77,542
34%
166 Sunnyvale 153,656
34%
227 Vallejo 122,105
34%
224 Victorville 122,441
34%
276 Waterbury 108,629
34%
342 Yakima 93,667
34%
205 Coral Springs 133,037
33%
258 Elgin 112,456
33%
242 Fairfield 116,266
33%
288 Greeley 105,448
33%
285 Norwalk (CA) 106,084
33%
368 Norwalk (CT) 89,005
33%
260 Palm Bay 111,657
33%
306 San Angelo 100,119
33%
192 Thornton 136,978
33%
356 Westminster (CA) 91,564
33%
257 Westminster (CO) 112,812
33%
316 Beaverton 97,514
32%
379 Champaign 87,432
32%
281 Daly City 107,074
32%
492 Decatur 72,174
32%
283 Hillsboro 106,894
32%
412 Medford 81,780
32%
308 Meridian 99,926
32%
386 Newport Beach 86,160
32%
236 Arvada 118,807
31%
367 Bellingham 89,045
31%
348 Carmel 92,198
31%
270 Centennial 110,250
31%
190 Miramar 140,328
31%
397 Mission 84,424
31%
329 New Bedford 95,120
31%
314 Orem 97,839
31%
439 Plymouth 78,395
31%
269 Pompano Beach 110,473
31%
303 Sparks 100,888
31%
248 Temecula 114,327
31%
422 Warwick 80,871
31%
265 Gresham 111,053
30%
406 Merced 83,081
30%
322 San Marcos 96,198
30%
371 Sugar Land 88,485
30%
279 West Covina 107,598
30%
250 Costa Mesa 113,825
29%
255 Downey 113,092
29%
471 Evanston 74,756
29%
365 Indio 89,793
29%
325 Mission Viejo 96,016
29%
254 Murrieta 113,326
29%
232 Pearland 119,940
29%
241 Richardson 116,783
29%
301 Vista 101,568
29%
364 Chino 89,797
28%
289 Davie 105,149
28%
362 Edinburg 90,280
28%
296 El Cajon 103,894
28%
440 Franklin 78,321
28%
261 High Point 111,513
28%
339 Lynn 94,063
28%
284 Sandy Springs 106,739
28%
363 Suffolk 90,237
28%
336 Sunrise 94,323
28%
307 Vacaville 100,032
28%
274 Clovis 109,691
27%
391 Danbury 85,246
27%
243 El Monte 116,109
27%
320 Federal Way 96,690
27%
431 Goodyear 79,858
27%
462 Jonesboro 75,866
27%
383 Mount Pleasant 86,668
27%
302 Renton 101,379
27%
366 Fall River 89,420
26%
341 Lawton 93,714
26%
292 League City 104,903
26%
287 Lewisville 106,021
26%
493 Pawtucket 72,001
26%
352 Edmond 91,950
25%
455 Hammond 76,618
25%
395 Hoover 84,920
25%
429 New Rochelle 79,946
25%
369 Newton 88,994
25%
297 Rialto 103,562
25%
377 Waukegan 87,729
25%
465 Bethlehem 75,707
24%
330 Hesperia 94,859
24%
286 Jurupa Valley 106,028
24%
414 Kennewick 81,607
24%
457 St. Joseph 76,442
24%
468 Union City 75,343
24%
338 Livonia 94,105
23%
452 Loveland 76,701
23%
420 Lynchburg 80,995
23%
437 Parma 79,167
23%
360 San Leandro 90,553
23%
474 Temple 74,503
23%
326 Brockton 95,672
22%
409 Cicero 82,552
22%
384 Clifton 86,607
22%
418 Cranston 81,202
22%
358 Deltona 90,746
22%
370 Kirkland 88,630
22%
361 Livermore 90,295
22%
335 Longmont 94,341
22%
415 Longview 81,522
22%
433 Springdale 79,599
22%
357 Tracy 90,889
22%
436 Alameda 79,177
21%
403 Bryan 84,021
21%
354 Fishers 91,832
21%
485 Rock Hill 73,068
21%
389 Alhambra 85,396
20%
484 Apple Valley 73,077
20%
467 Arlington Heights 75,634
20%
392 Hemet 85,160
20%
359 Menifee 90,595
20%
340 Plantation 93,909
20%
382 Redwood City 86,685
20%
417 Somerville 81,360
20%
328 South Gate 95,430
20%
489 Waukesha 72,489
20%
381 Whittier 86,838
20%
402 Avondale 84,025
19%
375 Citrus Heights 87,931
19%
378 O'Fallon 87,597
19%
499 Passaic 71,247
19%
424 Brooklyn Park 80,581
18%
456 Gastonia 76,593
18%
376 Hawthorne 87,854
18%
396 Largo 84,754
18%
416 Mountain View 81,438
18%
438 New Braunfels 79,152
18%
460 Wyoming 75,938
18%
442 Folsom 78,038
17%
400 Johns Creek 84,350
17%
401 Lake Forest 84,293
17%
453 Layton 76,691
17%
475 Missouri City 74,497
17%
478 Schaumburg 74,184
17%
427 Chino Hills 80,374
16%
399 Conroe 84,378
16%
425 Deerfield Beach 80,571
16%
435 Manteca 79,268
16%
441 Milpitas 78,106
16%
408 Pleasanton 83,007
16%
497 Redlands 71,554
16%
461 San Ramon 75,931
16%
419 Farmington Hills 81,050
15%
454 Flower Mound 76,681
15%
488 New Britain 72,710
15%
385 Palm Coast 86,516
15%
486 Pasco 73,013
15%
434 Pharr 79,487
15%
479 Rancho Cordova 73,563
15%
450 Upland 76,999
15%
470 Warner Robins 74,854
15%
451 Baytown 76,804
14%
446 Boynton Beach 77,702
14%
477 Rochester Hills 74,205
14%
480 Turlock 73,556
14%
407 Buena Park 83,015
13%
444 Perris 77,879
13%
413 Westland 81,747
13%
445 Bellflower 77,772
12%
469 Bolingbrook 75,201
12%
426 Tustin 80,498
12%
458 Baldwin Park 76,402
11%
482 Southfield 73,208
11%
466 Cedar Park 75,704
10%
495 Lauderhill 71,970
9%
318 Lee´s Summit 97,290
6%
No matching quizzes found
Score Distribution
Percent of People with Each Score
Percentile by Number Answered
Your Score History
You have not taken this quiz